Quizz Culture Générale N°5 - 30 questions - Statistiques

Statistiques générales
  • Ce quiz a été pris 235 fois
  • Le résultat moyen est 9 sur 30
Statistiques - réponses
Question Réponse % Correct
Dans quelle partie du corps se trouve le plus petit os du corps humain ? Les oreilles
79%
Comment appelle-t-on la science de l'étude et la connaissance du vin ? Œnologie
75%
Quelle chanson ayant fait un buzz planétaire en 2012 est la première vidéo à passer le cap des 1 milliard de vues sur Youtube ? Gangnam Style
64%
Quelle danse traditionnelle du peuple andalou et de l'Espagne, associant le chant et la danse, est réputé pour son expressivité ? Flamenco
59%
Comment s'appelle le plus grand gratte-ciel du monde ? Burj Khalifa
57%
Quel chanteur, décédé en 2018, trouve le succès avec la chanson "Je m'voyais déjà" où il incarne sur un ton humoristique un artiste médiocre dans le déni ? Charles Aznavour
56%
Quel homme politique français du Second Empire est connu pour avoir organisé la grande rénovation et le réaménagement urbain de Paris ? Baron Haussman
53%
Chez les oiseaux, comment appelle-t-on la distance entre les extrémités des ailes ? Envergure
51%
Complète ce vers de Joachim du Bellay : "Heureux qui, comme Ulysse, ..." a fait un beau voyage
44%
Quelles sont les trois couleurs "primaires" utilisées en imprimerie ? (Trois réponses attendues) Cyan Magenta Jaune
38%
Dans quelle ville se trouve le siège de la Banque centrale européenne ? Francfort
33%
Quel est le nom russe des poupées russes ? Matriochkas
33%
Dans "Le Hobbit" de J.R.R. Tolkien, comment s'appelle le dragon, principal antagoniste du livre ? Smaug
31%
Dans la mythologie grecque, comment appelle-t-on la zone la plus profonde des Enfers où sont enfermés les pires criminels ? Tartare
30%
Quelle famille, ayant régné sur Rome pendant près d'un siècle lors de la Renaissance italienne, est connue pour sa supposée décadence morale ? Borgia
28%
Comment appelle-t-on l'abandon d'une procédure judiciaire en cours faute de preuves suffisantes pour justifier la poursuite des actions pénales ? Non-lieu
28%
Qu'est-ce qu'élève un adepte de la cuniculture ? Des lapins
24%
Dans les mythes de la Grande-Bretagne, quel animal est le Barghest ? Un chien
22%
Quel verbe intransitif désigne le fait de s'écarter du sujet d'une discussion, d'un discours ou d'un récit ? Digresser
21%
Quelle série d'animation japonaise, parmi les premières à arriver en France dès la fin des années 70s, raconte l'histoire d'une jeune fille dans un orphelinat qui grandit jusqu'à vivre la Première Guerre Mondiale ? Candy Candy
20%
Comment appelle-t-on le catch mexicain ? Lucha Libre
18%
Quel cinéaste espagnol naturalisé mexicain à la carrière très diversifiée, est connu pour sa dénonciation récurrente de l'hypocrisie bourgeoise dans des films comme "Belle de Jour" et "Le Charme discret de la bourgeoisie" ? Luis Buñuel
13%
Quel produit chimique est utilisé afin de repérer les traces de sangs, au contact desquelles il devient bleu ? Luminol
13%
Quelle fleur parasite est connue pour être la plus grande fleur simple du monde, ainsi que pour son odeur nauséabonde ? La rafflésie
10%
Dans Donjons et Dragons, quel alignement est l'opposé de Chaotic ? Lawful
7%
Sous quel nom est plus connue Elizabeth Short, victime d'un meurtre non élucidé à Los Angeles en 1947 ? Le Dahlia Noir
7%
Quelle film comique satirique de 1964 est sous-titré "ou comment j'ai appris à ne plus m'en faire et à aimer la bombe" ? Docteur Folamour
6%
Quel récit de voyage de Marco Polo paru en 1298 est devenu une référence à son époque de la géographie de l'Asie ? Le Livre des Merveilles
3%
Quel terme sanskrit, utilisé notamment dans l'hindouisme et le bouddhisme, désigne un texte court contenant un enseignement ? Sutra
3%
De quel écrivain vient la citation « La plus ancienne et la plus forte émotion de l'humanité est la peur, et la plus ancienne et la plus forte des peurs est la peur de l'inconnu » ? Howard Phillips Lovecraft
2%
Aucun quiz correspondant
Distribution des résultats
% des personnes avec chaque résultat
Percentile par nombre de réponses
Votre historique - résultats
Vous n’avez pas pris ce quiz